LEADER 01533oam 2200457zu 450 001 9910830660203321 005 20210807004037.0 010 $a0-470-77866-0 010 $a0-470-77174-7 010 $a0-470-77204-2 035 $a(CKB)2500000000001603 035 $a(SSID)ssj0000398368 035 $a(PQKBManifestationID)11303616 035 $a(PQKBTitleCode)TC0000398368 035 $a(PQKBWorkID)10362174 035 $a(PQKB)10640157 035 $a(EXLCZ)992500000000001603 100 $a20160829d1990 uy 101 0 $aeng 181 $ctxt 182 $cc 183 $acr 200 14$aThe Chemistry of the Metal Carbon: The Structure Preparation, Thermochemistry and Characterization of Organometallic Compounds. Vol. 2 210 31$a[Place of publication not identified]$cJohn Wiley & Sons Incorporated$d1990 300 $aBibliographic Level Mode of Issuance: Monograph 311 $a0-471-90282-9 606 $aOrganic Chemistry$2HILCC 606 $aChemistry$2HILCC 606 $aPhysical Sciences & Mathematics$2HILCC 615 7$aOrganic Chemistry 615 7$aChemistry 615 7$aPhysical Sciences & Mathematics 676 $a547/.05 s 676 $a547/.05 700 $aHartley$b Frank R$01615756 702 $aPatai$b Saul E 801 0$bPQKB 906 $aBOOK 912 $a9910830660203321 996 $aThe Chemistry of the Metal Carbon: The Structure Preparation, Thermochemistry and Characterization of Organometallic Compounds. Vol. 2$93982413 997 $aUNINA LEADER 01548oas 2200649 a 450 001 9910140727003321 005 20251105213014.0 011 $a2163-596X 035 $a(OCoLC)42815937 035 $a(CONSER) 2005263284 035 $a(CKB)963017904400 035 $a(EXLCZ)99963017904400 100 $a19991112a19539999 sy a 101 0 $aeng 135 $aurmnu|||||||| 181 $ctxt$2rdacontent 182 $cc$2rdamedia 183 $acr$2rdacarrier 200 04$aThe Florida Bar journal 210 $a[Tallahassee, Fla.] $c[Florida Bar] 215 $a1 online resource (volumes) 300 $aRefereed/Peer-reviewed 311 08$a0015-3915 531 0 $aFla. bar j. 606 $aLaw$zFlorida$vPeriodicals 606 $aLaw$2fast$3(OCoLC)fst00993678 607 $aFlorida$2fast$1https://id.oclc.org/worldcat/entity/E39QbtfRBghXPwB89fbdFYcHbM 608 $aPeriodicals.$2fast 615 0$aLaw 615 7$aLaw. 676 $a340 676 $a340/.05 712 02$aFlorida Bar 801 0$bUV$ 801 1$bUV$ 801 2$bOCL 801 2$bUV$ 801 2$bOCLCQ 801 2$bTXA 801 2$bOCLCQ 801 2$bDLC 801 2$bOCLCQ 801 2$bOCLCF 801 2$bOCLCO 801 2$bVT2 801 2$bOCLCQ 801 2$bOCLCA 801 2$bCLU 801 2$bOCLCQ 801 2$bIOY 801 2$bCUS 801 2$bOCLCL 801 2$bOCLCQ 906 $aJOURNAL 912 $a9910140727003321 996 $aThe Florida Bar journal$92231269 997 $aUNINA